| 000 | 03516nam a2200421 i 4500 | ||
|---|---|---|---|
| 001 | 193341 | ||
| 003 | SpMaBN | ||
| 005 | 20250709185142.0 | ||
| 007 | ta | ||
| 008 | 171102s2023 sp 000 f spa | ||
| 017 |
_aB 26002-2016 _bOficina Depósito Legal Barcelona |
||
| 020 | _a9788435021616 | ||
| 035 | _a(OCoLC)1050752729 | ||
| 040 |
_aSpMaBN _bspa _cSpMaBN _erdc |
||
| 080 | _a821.112.2-31"19" | ||
| 100 | 1 |
_aDöblin, Alfred, _d1878-1957 _4aut _0XX1163594 _944938 _eaut |
|
| 245 | 1 | 3 |
_aEl pueblo traicionado / _cAlfred Döblin ; traducción de Carlos Fortea |
| 250 | _aPrimera reimpresión: marzo de 2023 | ||
| 260 |
_aBarcelona : _bEdhasa, _c2023 |
||
| 300 |
_a563 páginas ; _c19 cm |
||
| 336 |
_aTexto (visual) _2isbdcontent |
||
| 337 |
_asin mediación _2isbdmedia |
||
| 338 |
_2rdacarrier _avolumen |
||
| 490 | 0 |
_aNoviembre de 1918, _v2ª parte, v. 1 |
|
| 490 | 1 |
_aPocket Edhasa ; _v510 |
|
| 520 |
_aEn anteportada: Noviembre de 1918: una revolución alemana, obra en tres partes - Primera parte: Burgueses y soldados - Segunda parte: v. 1. El pueblo traicionado; v. 2. El regreso de las tropas del frente - Tercera parte: Karl y Rosa _b"El pueblo traicionado" forma una estrecha unidad sobre todo con "El regreso de las tropas del frente", y en él muestra un Berlín donde algunos habitantes viven en condiciones miserables, mientras otros saben sacar provecho de las oportunidades que la guerra ofrece a los comerciantes sin escrúpulos, a los pequeños y grandes estafadores, y también a los oportunistas políticos. Se trata de pequeñas historias personales que van conformando un espléndido mosaico en el que, en perspectiva, podemos ver también los enfrentamientos que se están produciendo como consecuencia de la negociación del Tratado de Versalles, que no tardará en cambiar por completo la situación en toda Europa. Amplísimo fresco del ambiente social y político de un episodio decisivo en la historia de Alemania, la revolución de 1918, que precipitó el cambio desde la monarquía del Reich alemán a la República de Weimar, el ciclo completo se estructura del siguiente modo: Primera parte (Burgueses y soldados), Segunda parte (volumen I: El pueblo traicionado; volumen II: El regreso de las tropas del frente) y tercera parte (Karl y Rosa). Descrito por José María Guelbenzu en El País como "una obra maestra del realismo narrativo", en el ciclo Noviembre de 1918 confluyen la tradición de la gran novela clásica que podría encarnar Balzac con la narrativa impregnada de técnicas cinematográficas que encabeza John Dos Passos, combinación de técnicas y planteamientos que convierten a Döblin en un autor de gran modernidad y en uno de los clásicos alemanes de mayor universalidad y vigencia. Una de las novelas verdaderamente importantes de la literatura del siglo XX, que por primera vez se traduce a nuestra lengua. |
||
| 655 | 7 |
_aNovelas históricas _2tgfbne _9226782 |
|
| 700 | 1 |
_aFortea, Carlos, _d1963- _4trl _etrl _951844 |
|
| 830 |
_9180347 _aPocket Edhasa |
||
| 852 |
_aES-MaACL _bR. 154714 _cDEPOJ _jN-9488 _9200787 _hDonación: Carlos Fortea _xEncuadernación rústica |
||
| 903 |
_aFortea, Carlos, _d1963- _ednr _951844 |
||
| 942 |
_n0 _cMONOGRAFIA |
||
| 999 |
_c193341 _d193341 |
||